000 00466nam a2200169Ia 4500
005 20250423094336.0
008 250422s9999 xx 000 0 und d
020 _a9782757721
050 _aPE 1112 .A38/
100 _aEdited by Bolaji Aremo
245 0 _aAdvanced english compositions: letter, long essays, memoranda, minutes, speeches, etc.
260 _aIbadan
260 _bScribo Publications Limited.
260 _c2001
300 _a200 p
942 _cBK
999 _c26960
_d26960